000 00478nab a2200145Ia 4500
003 ES-SlBCS
005 20210601125226.0
008 140529s1970 xxu||||| |||| 00| 0 eng d
041 _aeng
100 1 _aBartky, Sandra Lee
_9155612
245 0 0 _aOriginative Thinking in the Later Philosophy of Heidegger
_c Sandra Lee Bartky
600 1 4 _aHeidegger-Filosofía
_9153877
773 0 _tPhilosophy and Phenomenological Research
_gvol. 30, 1970, págs. 368-381
_wRev1411
942 _cAR
999 _c526804
_d526804